[Event "Stuttgarter Stadtmeisterschaft A-Turnie"]
[Site "Ditzingen"]
[Date "2009.05.21"]
[Round "2.19"]
[White "Maier, Armin"]
[Black "Kunz, Konstantin"]
[Result "0-1"]
[WhiteElo "2066"]
[BlackElo "2263"]
[PlyCount "108"]
[EventDate "2009.??.??"]

1. e4 c5 2. Nf3 e6 3. d4 cxd4 4. Nxd4 Nc6 5. Be2 Nf6 6. Bf3 Qb6 7. Nxc6 dxc6 8.
O-O e5 9. b3 Qc7 10. Ba3 Bxa3 11. Nxa3 Be6 12. Qe2 O-O 13. Nc4 a5 14. a4 Rad8
15. Rfd1 h6 16. Ne3 Rd4 17. c3 Rxd1+ 18. Qxd1 Rd8 19. Qc2 Qd6 20. Rd1 Qc7 21.
h3 b5 22. axb5 cxb5 23. Ra1 Ra8 24. b4 Qb6 25. Rxa5 Rxa5 26. bxa5 Qxa5 27. Bd1
Qa1 28. Kh2 Qa8 29. f3 Qa7 30. Qd2 Qc5 31. Be2 Kh7 32. Qd3 h5 33. g4 h4 34. Ng2
Bc4 35. Qd1 Qf2 36. Bxc4 bxc4 37. Qd6 Qg3+ 38. Kg1 Qxf3 39. Qxe5 Nxe4 40. Qh5+
Kg8 41. Qxh4 Qd1+ 42. Kh2 Qd6+ 43. Kh1 Nxc3 44. Qe1 Qd1 45. Kg1 Qf3 46. Qe3
Ne2+ 47. Kh2 Qf1 48. Nh4 c3 49. Nf3 c2 50. Qe8+ Kh7 51. Qe4+ g6 52. Ng5+ Kh6
53. Nxf7+ Qxf7 54. g5+ Kh7 0-1

[Event "Stuttgarter Stadtmeisterschaft A-Turnie"]
[Site "Ditzingen"]
[Date "2009.05.21"]
[Round "2.20"]
[White "Braun, Peter"]
[Black "Steinhart, Christoph"]
[Result "0-1"]
[WhiteElo "2254"]
[BlackElo "2013"]
[PlyCount "108"]
[EventDate "2009.??.??"]

1. d4 Nf6 2. Nf3 e6 3. c4 b6 4. a3 Bb7 5. Nc3 d5 6. cxd5 exd5 7. g3 Be7 8. Qa4+
Nbd7 9. Ne5 O-O 10. Nc6 Qe8 11. Bg2 Bd6 12. Nxd5 Nxd5 13. Bxd5 Kh8 14. Bg2 f5
15. Bf4 Bxf4 16. gxf4 Rf6 17. Rc1 a5 18. Qc2 Re6 19. d5 Rg6 20. Bf3 Bxc6 21.
dxc6 Nc5 22. Qxf5 Rf6 23. Qb1 Rxf4 24. Kf1 Rd8 25. Rd1 Nb3 26. Kg2 Nd2 27. Qc2
Rfd4 28. Rhe1 Qe5 29. Kh1 Qf4 30. Bg2 Rc4 31. Rxd2 Rxd2 32. Qb3 a4 33. Qb5 Rxe2
34. Rd1 h6 35. Qd5 Re8 36. Qd7 Rf8 37. Qd3 Rc1 38. h3 Rxd1+ 39. Qxd1 Qxf2 40.
Qd7 Qe1+ 41. Kh2 Qe5+ 42. Kg1 Qxb2 43. Qxc7 Qc1+ 44. Kh2 Qf4+ 45. Qxf4 Rxf4 46.
Bd5 Rd4 47. Be6 Rd2+ 48. Kg3 Rc2 49. Bd5 Rc5 50. Be4 Kg8 51. Kf4 Kf8 52. Ke3
Ke7 53. Kd4 Kd6 54. h4 Rh5 0-1

[Event "Stuttgarter Stadtmeisterschaft A-Turnie"]
[Site "Ditzingen"]
[Date "2009.05.21"]
[Round "2.21"]
[White "Rudhart, Michael"]
[Black "Dudek, Richard"]
[Result "1-0"]
[WhiteElo "1908"]
[BlackElo "2254"]
[PlyCount "79"]
[EventDate "2009.??.??"]

1. Nc3 d5 2. e4 c6 3. f4 dxe4 4. Nxe4 g6 5. d4 Bg7 6. c3 Nd7 7. Bc4 Nb6 8. Bb3
Nf6 9. Nf2 O-O 10. g4 a5 11. a4 Nbd5 12. Qf3 Qb6 13. Ba2 e6 14. Ne2 c5 15. dxc5
Qxc5 16. Nd3 Qb6 17. g5 Ne8 18. Bxd5 exd5 19. Be3 Qe6 20. O-O Nd6 21. Bd4 Nf5
22. Bxg7 Kxg7 23. Ne5 Qb6+ 24. Kh1 Qxb2 25. Rfe1 Rd8 26. Qd3 Qb6 27. Rab1 Qf2
28. Ng4 Qh4 29. Nf6 h6 30. Rg1 hxg5 31. fxg5 Ra6 32. Rbf1 Rh8 33. Rg2 Re6 34.
Nf4 Re3 35. Qxd5 b6 36. Qd2 Bb7 37. N6d5 Re5 38. c4 Ng3+ 39. Kg1 Nxf1 40. Qd4 {
Zeitueberschreitung!} 1-0

[Event "Stuttgarter Stadtmeisterschaft A-Turnie"]
[Site "Ditzingen"]
[Date "2009.05.21"]
[Round "2.22"]
[White "Aring, Gerd"]
[Black "Lebeda, Timo"]
[Result "1-0"]
[WhiteElo "2218"]
[BlackElo "1942"]
[PlyCount "101"]
[EventDate "2009.??.??"]

1. d4 d5 2. Nf3 Nf6 3. e3 g6 4. c4 c6 5. Nc3 Bg7 6. b3 O-O 7. Bd3 a6 8. a4 Nbd7
9. O-O Qc7 10. Ba3 Re8 11. cxd5 cxd5 12. Rc1 Qb8 13. a5 b5 14. axb6 Nxb6 15.
Ne5 Qb7 16. Na4 Ne4 17. Bxe4 dxe4 18. Nc5 Qd5 19. Nc4 Rb8 20. Qc2 f5 21. Ra1
Nd7 22. Na4 Bb7 23. Bc5 Bc6 24. Nc3 Qf7 25. Rxa6 Nxc5 26. dxc5 Rec8 27. Nb6
Bxc3 28. Nxc8 Bb5 29. Rb6 Rxb6 30. Nxb6 Bxf1 31. Qxc3 Ba6 32. c6 Qe6 33. h4 Qd6
34. b4 Qd1+ 35. Kh2 Qd6+ 36. g3 g5 37. Qc5 Qh6 38. Qd5+ Kg7 39. Qe5+ Kg8 40. b5
gxh4 41. Qxf5 hxg3+ 42. Kxg3 Bxb5 43. Qxb5 Qg6+ 44. Kh2 Qh6+ 45. Kg3 Qg6+ 46.
Kf4 Qf6+ 47. Kxe4 Qe6+ 48. Kd3 Qg6+ 49. Kd2 Qf6 50. c7 Qd6+ 51. Qd5+ 1-0

[Event "Stuttgarter Stadtmeisterschaft A-Turnie"]
[Site "Ditzingen"]
[Date "2009.05.21"]
[Round "2.23"]
[White "Zimmermann, Ulrich"]
[Black "Krockenberger, Martin"]
[Result "1/2-1/2"]
[WhiteElo "1891"]
[BlackElo "2216"]
[PlyCount "122"]
[EventDate "2009.??.??"]

1. e4 e5 2. Nc3 Nf6 3. Bc4 Nc6 4. d3 Bb4 5. Bg5 h6 6. Bxf6 Bxc3+ 7. bxc3 Qxf6
8. Ne2 Na5 9. Bb3 Nxb3 10. axb3 d6 11. O-O O-O 12. Ng3 Qg5 13. Qe2 Be6 14. Qe3
Qxe3 15. fxe3 a6 16. h3 g6 17. c4 Kg7 18. Rf2 a5 19. c3 Ra6 20. Rfa2 Rfa8 21.
Ne2 Kf8 22. Ra3 Ke7 23. Nc1 c6 24. b4 axb4 25. Rxa6 Rxa6 26. Rxa6 bxa6 27. cxb4
c5 28. bxc5 dxc5 29. Nb3 Kd6 30. Kf2 Bd7 31. Ke2 Ba4 32. Nc1 Bc6 33. Nb3 f5 34.
exf5 gxf5 35. g3 Bg2 36. h4 Bc6 37. Kd2 Bf3 38. Kc3 Bd1 39. Nc1 Ke6 40. d4
cxd4+ 41. exd4 f4 42. d5+ Kd6 43. gxf4 exf4 44. Kd4 Bc2 45. c5+ Kd7 46. Na2 f3
47. Ke3 Bb3 48. Nc3 a5 49. Kxf3 a4 50. Ke4 a3 51. c6+ Kd8 52. d6 a2 53. Nxa2
Bxa2 54. Ke5 Bb3 55. Kf6 Ba4 56. c7+ Kd7 57. h5 Bc6 58. Kg6 Bb7 59. Kxh6 Kxd6
60. c8=Q Bxc8 61. Kg6 Ba6 1/2-1/2

[Event "Stuttgarter Stadtmeisterschaft A-Turnie"]
[Site "Ditzingen"]
[Date "2009.05.21"]
[Round "2.24"]
[White "Heinl, Thomas"]
[Black "Viehoff, Jürgen"]
[Result "1-0"]
[WhiteElo "2204"]
[BlackElo "1835"]
[PlyCount "81"]
[EventDate "2009.??.??"]

1. e4 c6 2. d4 d5 3. exd5 cxd5 4. Bd3 Nc6 5. c3 Nf6 6. Bf4 Bg4 7. Qb3 Qc8 8.
Nd2 e6 9. Ngf3 Bxf3 10. Nxf3 Be7 11. h3 a6 12. a4 Na5 13. Qc2 Nc4 14. O-O O-O
15. Ne5 Nd6 16. g4 g6 17. Rfe1 Qd8 18. Bh6 Re8 19. Re2 Nfe4 20. f3 Bg5 21. fxe4
Bxh6 22. exd5 exd5 23. Rf1 Qh4 24. Kg2 f5 25. Qb3 fxg4 26. Qxd5+ Kh8 27. hxg4
Rad8 28. Bxg6 Nf5 29. Qf3 Rxe5 30. Bxf5 Bf4 31. Rh1 Rxe2+ 32. Qxe2 Qg3+ 33. Kf1
h6 34. Rg1 Qh3+ 35. Ke1 Be3 36. Rf1 Re8 37. Kd1 Qh4 38. d5 Qe7 39. Be6 Qg5 40.
Qd3 Bc1 41. Rf7 1-0

[Event "Stuttgarter Stadtmeisterschaft A-Turnie"]
[Site "Ditzingen"]
[Date "2009.05.21"]
[Round "2.25"]
[White "Cummings, Nicolai"]
[Black "Vaysberg, Alexander"]
[Result "0-1"]
[WhiteElo "1819"]
[BlackElo "2190"]
[PlyCount "44"]
[EventDate "2009.??.??"]

1. d4 Nf6 2. c4 c5 3. e3 g6 4. Nc3 Bg7 5. Nf3 O-O 6. Be2 cxd4 7. exd4 d5 8. c5
Nc6 9. Be3 Ng4 10. O-O Nxe3 11. fxe3 Bh6 12. Qd2 Bg4 13. a3 Na5 14. Rab1 Nb3
15. Qd1 Bxe3+ 16. Kh1 Na5 17. b4 Nc6 18. b5 Na5 19. Ne5 Bxe2 20. Nxe2 f6 21.
Nd3 Nc4 22. Qb3 Nd2 0-1

[Event "Stuttgarter Stadtmeisterschaft A-Turnie"]
[Site "Ditzingen"]
[Date "2009.05.21"]
[Round "2.26"]
[White "Germer, Philipp"]
[Black "Rempeli, Alex"]
[Result "1-0"]
[WhiteElo "2177"]
[BlackElo "1764"]
[PlyCount "67"]
[EventDate "2009.??.??"]

1. e4 c5 2. a3 e6 3. b4 cxb4 4. axb4 Bxb4 5. Bb2 Nf6 6. e5 Nd5 7. c4 Ne7 8. Na3
a6 9. Qh5 d5 10. exd6 Qxd6 11. Nf3 O-O 12. Nb5 Qd8 13. Be2 Ng6 14. g3 Nd7 15.
O-O Nf6 16. Qg5 Ne4 17. Qe3 Nxd2 18. Rfd1 Nxf3+ 19. Bxf3 Qe7 20. h4 Qc5 21. Bd4
Qxc4 22. Be2 Qc6 23. Rac1 axb5 24. Rxc6 bxc6 25. h5 Ne7 26. Bxg7 Nf5 27. Qf4
Nxg7 28. Qxb4 Bb7 29. Qe7 Rab8 30. h6 Nf5 31. Qg5+ Kh8 32. Qf6+ Kg8 33. Rd4
Rfc8 34. Bh5 1-0

[Event "Stuttgarter Stadtmeisterschaft A-Turnie"]
[Site "Ditzingen"]
[Date "2009.05.21"]
[Round "2.28"]
[White "Janata, Andreas"]
[Black "Raupp, Thomas"]
[Result "0-1"]
[WhiteElo "2010"]
[BlackElo "2311"]
[PlyCount "88"]
[EventDate "2009.??.??"]

1. d4 Nf6 2. c4 c5 3. d5 e5 4. Nc3 d6 5. e4 Nbd7 6. Nf3 Be7 7. Bd3 O-O 8. h3
Ne8 9. g4 a6 10. Be3 Rb8 11. Qe2 Nc7 12. Nd2 Bg5 13. f3 Bxe3 14. Qxe3 b5 15. h4
Nf6 16. Ne2 bxc4 17. Nxc4 Nb5 18. Nd2 Nd4 19. b3 a5 20. h5 Bd7 21. g5 Ne8 22.
f4 f6 23. gxf6 Qxf6 24. f5 Nxf5 25. exf5 e4 26. Rc1 exd3 27. Qxd3 Bxf5 28. Qc3
Nc7 29. Nc4 Nxd5 30. Qxf6 Rxf6 31. Rf1 Nb4 32. Rd1 Nc2+ 33. Kd2 d5 34. Nxa5 Ra8
35. Nb7 Rxa2 36. Nc3 Rb2 37. Nxc5 Nb4+ 38. Ke3 Nc2+ 39. Kd2 d4 40. N3e4 Ne3+
41. Kc1 Rc2+ 42. Kb1 Rxc5 43. Rxf5 Rfxf5 44. Rxd4 Rcd5 0-1

[Event "Stuttgarter Stadtmeisterschaft A-Turnie"]
[Site "Ditzingen"]
[Date "2009.05.21"]
[Round "2.29"]
[White "Wiley, Tom E"]
[Black "Kaplunov, Vadym"]
[Result "1-0"]
[WhiteElo "2303"]
[BlackElo "1953"]
[PlyCount "166"]
[EventDate "2009.??.??"]

1. d4 d5 2. c4 c6 3. Nf3 Nf6 4. Nc3 e6 5. Bg5 Nbd7 6. e3 Bd6 7. Bd3 dxc4 8.
Bxc4 b5 9. Bd3 Bb7 10. O-O h6 11. Bh4 O-O 12. Rc1 Re8 13. Ne4 Be7 14. Nxf6+
Bxf6 15. Bxf6 Qxf6 16. Nd2 Rac8 17. Ne4 Qe7 18. Nc5 Nf6 19. f4 Ba8 20. Qf3 Red8
21. Rf2 Kh8 22. g4 Rd5 23. h4 Nd7 24. Nxd7 Qxd7 25. Be4 Rd6 26. g5 f5 27. gxf6
gxf6 28. Qh5 Rg8+ 29. Kh2 f5 30. Qxh6+ Qh7 31. Qxh7+ Kxh7 32. Bf3 a6 33. Rc5
Kh6 34. Rfc2 Rc8 35. Rg2 Rd7 36. Rg5 Rg7 37. Kg3 Kh7 38. Re5 Re8 39. Kf2 Ree7
40. Ke2 Kg8 41. Kd3 Kf7 42. Rxg7+ Kxg7 43. Kc3 Kf6 44. Rc5 Rc7 45. Kb4 Ke7 46.
Ka5 Kd6 47. Kxa6 Rg7 48. Rc2 Rg3 49. Rf2 Kc7 50. Ka5 Rh3 51. h5 Bb7 52. a4 b4
53. b3 Ba8 54. h6 Rxh6 55. Kxb4 Rh3 56. Kc3 Bb7 57. Kd2 Ba6 58. Be2 Bb7 59. Rg2
Kd6 60. Rg7 Bc8 61. Bc4 Rh2+ 62. Kc3 Rh3 63. Kd3 Rh2 64. Rg3 c5 65. dxc5+ Kxc5
66. Kc3 Rh1 67. b4+ Kd6 68. Rg2 Bb7 69. Rd2+ Ke7 70. b5 Ra1 71. Ba2 Rc1+ 72.
Rc2 Rd1 73. a5 Be4 74. Rd2 Rc1+ 75. Kd4 Kd6 76. a6 Rc5 77. Bc4 Rc7 78. b6 Rc8
79. Rb2 Rd8 80. b7 Kc7+ 81. Ke5 Kb8 82. Bxe6 Re8 83. Rb5 Bd3 1-0

[Event "Stuttgarter Stadtmeisterschaft A-Turnie"]
[Site "Ditzingen"]
[Date "2009.05.21"]
[Round "2.30"]
[White "Braun, Georg"]
[Black "Wenner, Tobias"]
[Result "1/2-1/2"]
[WhiteElo "1990"]
[BlackElo "2202"]
[PlyCount "66"]
[EventDate "2009.??.??"]

1. e4 d5 2. exd5 Qxd5 3. Nc3 Qa5 4. d4 c6 5. Bc4 Bf5 6. Nf3 Nf6 7. Bd2 e6 8.
Nd5 Qd8 9. Nxf6+ gxf6 10. Bf4 Bd6 11. Bxd6 Qxd6 12. Qe2 Bg4 13. O-O-O Qf4+ 14.
Qe3 Qxe3+ 15. fxe3 Nd7 16. h3 Bxf3 17. gxf3 Rg8 18. Rhg1 Ke7 19. Bd3 f5 20. Kd2
Rg6 21. Ke2 Rh6 22. Rg3 Nf6 23. f4 Ne4 24. Bxe4 fxe4 25. c4 Rg6 26. Kf2 Rxg3
27. Kxg3 Rg8+ 28. Kf2 f5 29. c5 h5 30. Rg1 Rxg1 31. Kxg1 h4 32. Kf2 b6 33. b4
b5 1/2-1/2

[Event "Stuttgarter Stadtmeisterschaft A-Turnie"]
[Site "Ditzingen"]
[Date "2009.05.21"]
[Round "2.31"]
[White "Schulte, Torsten"]
[Black "Schnepel, Thomas"]
[Result "1-0"]
[WhiteElo "2201"]
[BlackElo "1982"]
[PlyCount "153"]
[EventDate "2009.??.??"]

1. d4 d5 2. c4 Nc6 3. Nf3 Bg4 4. Nc3 e6 5. Bg5 f6 6. Bf4 Bd6 7. Bxd6 Qxd6 8.
cxd5 exd5 9. e3 a6 10. Be2 Nge7 11. a3 O-O 12. O-O Nd8 13. b4 Ne6 14. Qb3 c6
15. a4 b5 16. Ra2 f5 17. Rfa1 f4 18. axb5 fxe3 19. fxe3 cxb5 20. Nxb5 Qb6 21.
Nc3 Nc7 22. Ne5 Bxe2 23. Nxe2 Qh6 24. Nf4 Kh8 25. Rc2 Nb5 26. Qd3 Rad8 27. Qe2
Nxd4 28. exd4 Qxf4 29. Nf3 Nf5 30. Qd2 Ne3 31. Rc3 Rde8 32. Rxa6 Qe4 33. Ra1
Nc4 34. Qf2 Qf5 35. h3 Nd6 36. Qh4 Re2 37. Re1 Rb2 38. Qe7 Ne4 39. Rc7 Rg8 40.
Rf1 Ng3 41. Re1 h6 42. Qe5 Qxe5 43. Rxe5 Rxb4 44. Rxd5 Ra8 45. Rdd7 Ra2 46. Rb7
Rc4 47. Rdc7 Rxc7 48. Rxc7 Ne2+ 49. Kh2 Nf4 50. Ne1 Re2 51. Rc1 g5 52. Rd1 Nd5
53. Kg3 Nc3 54. Rc1 Nd5 55. Kf3 Re3+ 56. Kf2 Re4 57. Nf3 Nf4 58. Rc2 Kg7 59.
Rd2 Nd5 60. Re2 Rf4 61. Re5 Nb4 62. Ke3 Kf6 63. Rb5 Nc2+ 64. Kd3 Na3 65. Rb3 g4
66. hxg4 Rxg4 67. Rxa3 Rxg2 68. Ra6+ Kg7 69. Ke4 Re2+ 70. Kf4 Rf2 71. d5 Kf7
72. Rxh6 Ra2 73. Ke5 Ra5 74. Rh7+ Kg6 75. Rb7 Rc5 76. Ke6 Ra5 77. d6 1-0

[Event "Stuttgarter Stadtmeisterschaft A-Turnie"]
[Site "Ditzingen"]
[Date "2009.05.21"]
[Round "2.32"]
[White "Tiemann, Tobias"]
[Black "Fiderer, Lukas"]
[Result "0-1"]
[WhiteElo "1960"]
[BlackElo "2153"]
[PlyCount "94"]
[EventDate "2009.??.??"]

1. d4 Nf6 2. Nf3 g6 3. Nc3 c5 4. d5 d6 5. Nd2 Bg7 6. e4 O-O 7. Be2 b6 8. O-O
Ba6 9. a4 e6 10. Bxa6 Nxa6 11. Nc4 exd5 12. exd5 Ne8 13. Re1 h6 14. Bf4 g5 15.
Bd2 Nac7 16. Qf3 f5 17. Qd3 Qd7 18. Re2 f4 19. f3 Qf5 20. Qe4 Rd8 21. Rd1 Qf7
22. Qe7 Qxe7 23. Rxe7 Rf5 24. Be1 Kf8 25. Re2 Bd4+ 26. Kf1 Nf6 27. Ne4 Rxd5 28.
c3 Be5 29. Rxd5 Nfxd5 30. Rd2 Ne3+ 31. Nxe3 fxe3 32. Rd3 d5 33. Ng3 d4 34. Nf5
Ne6 35. g3 h5 36. cxd4 cxd4 37. Bb4+ Kf7 38. Ke2 h4 39. Rd1 hxg3 40. hxg3 Rh8
41. Kd3 a5 42. Ba3 Rh2 43. Ke4 Bf6 44. Rc1 Nc5+ 45. Bxc5 bxc5 46. b3 Ke6 47. g4
Rb2 0-1

[Event "Stuttgarter Stadtmeisterschaft A-Turnie"]
[Site "Ditzingen"]
[Date "2009.05.21"]
[Round "2.33"]
[White "Löwe, Joachim"]
[Black "Reck, Moritz"]
[Result "0-1"]
[WhiteElo "1930"]
[BlackElo "2149"]
[PlyCount "80"]
[EventDate "2009.??.??"]

1. Nf3 g6 2. c3 Bg7 3. e4 Nc6 4. d4 e5 5. dxe5 Nxe5 6. Nxe5 Bxe5 7. Bc4 d6 8.
Qb3 Qe7 9. O-O c6 10. f4 Bg7 11. Bd2 Nh6 12. f5 gxf5 13. exf5 Ng4 14. Na3 O-O
15. Rfe1 Qh4 16. Bf4 Ne5 17. Bg3 Qd8 18. Qc2 Kh8 19. Bb3 Ng4 20. Qd2 d5 21. Kh1
Nf6 22. Bc2 b6 23. Bh4 Ba6 24. Bd3 Bxd3 25. Qxd3 Qd7 26. Red1 Rae8 27. c4 Re5
28. Bg3 Re7 29. Nc2 Rfe8 30. Bh4 Re5 31. b3 Ne4 32. f6 Bh6 33. Nd4 Rg8 34. Nf3
Qg4 35. g3 Ree8 36. cxd5 cxd5 37. Qxd5 Nc3 38. Ne5 Rxe5 39. Qxe5 Nxd1 40. Qe1
Ne3 0-1

[Event "Stuttgarter Stadtmeisterschaft A-Turnie"]
[Site "Ditzingen"]
[Date "2009.05.21"]
[Round "2.34"]
[White "Lange, Jan-David"]
[Black "Reder, Erik"]
[Result "1/2-1/2"]
[WhiteElo "2122"]
[BlackElo "1901"]
[PlyCount "70"]
[EventDate "2009.??.??"]

1. e4 c5 2. Nf3 Nc6 3. d4 cxd4 4. Nxd4 g6 5. c4 Bg7 6. Nc2 Nh6 7. Be2 f5 8. Nc3
O-O 9. O-O fxe4 10. Nxe4 Nf5 11. a4 b6 12. Ra3 Bb7 13. Ng3 e6 14. Nxf5 Rxf5 15.
Ne3 Rf7 16. Ng4 Qf8 17. Rh3 h5 18. Ne3 Ne5 19. Nc2 Be4 20. Nd4 Rc8 21. b3 Qc5
22. Be3 Qe7 23. Nb5 d5 24. f3 Bf5 25. g4 hxg4 26. fxg4 Be4 27. Rxf7 Nxf7 28.
Qd2 Rd8 29. cxd5 Rxd5 30. Qc1 Bd3 31. Bf3 Rd7 32. Bc6 Rd8 33. Bg2 a6 34. Bxb6
axb5 35. Bxd8 Qxd8 1/2-1/2

[Event "Stuttgarter Stadtmeisterschaft A-Turnie"]
[Site "Ditzingen"]
[Date "2009.05.21"]
[Round "2.35"]
[White "Fink, Leander"]
[Black "Schömbs, Oliver"]
[Result "0-1"]
[WhiteElo "2116"]
[BlackElo "1808"]
[PlyCount "60"]
[EventDate "2009.??.??"]

1. e4 e5 2. Nf3 Nc6 3. Nc3 Nf6 4. a3 d5 5. Bb5 Bg4 6. h3 Bxf3 7. Qxf3 dxe4 8.
Nxe4 Nxe4 9. Qxe4 Qf6 10. Bxc6+ bxc6 11. d4 O-O-O 12. dxe5 Re8 13. f4 Qh4+ 14.
Ke2 Bd6 15. Be3 Rxe5 16. Qf3 Re6 17. Kf1 Rhe8 18. Bf2 Qe7 19. Qxc6 Bxf4 20.
Qa8+ Kd7 21. Qd5+ Bd6 22. Qb5+ Kc8 23. Qa6+ Kd8 24. Qxa7 Qf6 25. Qd4 Qxd4 26.
Bxd4 Bg3 27. Bf2 Rf6 28. Rd1+ Kc8 29. Rd2 Rd8 30. Ke1 Rxd2 0-1

[Event "Stuttgarter Stadtmeisterschaft A-Turnie"]
[Site "Ditzingen"]
[Date "2009.05.21"]
[Round "2.36"]
[White "Schlachetzki, Horst"]
[Black "Jurasin, Marin"]
[Result "0-1"]
[WhiteElo "1927"]
[BlackElo "2105"]
[PlyCount "60"]
[EventDate "2009.??.??"]

1. e4 g6 2. d4 Bg7 3. Nc3 d6 4. f4 Nf6 5. Nf3 O-O 6. Bd3 c5 7. dxc5 dxc5 8. O-O
Nc6 9. Be3 b6 10. Kh1 Bb7 11. e5 Nd5 12. Nxd5 Qxd5 13. Be2 Qe4 14. Qc1 f6 15.
Bd3 Qd5 16. b3 Kh8 17. Bc4 Qd7 18. e6 Qc7 19. f5 g5 20. c3 Rad8 21. Qc2 g4 22.
Nh4 Ne5 23. Bf4 Qc6 24. Be2 Rg8 25. Bxe5 fxe5 26. Bxg4 Bf6 27. Bf3 e4 28. Ng6+
hxg6 29. fxg6 exf3 30. Rxf3 Qxe6 0-1

[Event "Stuttgarter Stadtmeisterschaft A-Turnie"]
[Site "Ditzingen"]
[Date "2009.05.21"]
[Round "2.37"]
[White "Heining, Thomas"]
[Black "Stitterich, Nadine"]
[Result "1-0"]
[WhiteElo "2074"]
[BlackElo "1918"]
[PlyCount "39"]
[EventDate "2009.??.??"]

1. e4 e5 2. Nf3 Nc6 3. Bc4 Bc5 4. b4 Bxb4 5. c3 Ba5 6. d4 Nf6 7. dxe5 Ng4 8.
Bxf7+ Kxf7 9. Ng5+ Ke8 10. Qxg4 Nxe5 11. Qg3 d6 12. O-O Bb6 13. Kh1 Qe7 14. Nd2
Bd7 15. a4 a6 16. f4 Ng4 17. Nc4 Ba7 18. e5 h6 19. exd6 Qe2 20. Re1 1-0

[Event "Stuttgarter Stadtmeisterschaft A-Turnie"]
[Site "Ditzingen"]
[Date "2009.05.21"]
[Round "2.38"]
[White "Nusser, Jens"]
[Black "Bogenschütze, Paul jr"]
[Result "0-1"]
[WhiteElo "1875"]
[BlackElo "2067"]
[PlyCount "28"]
[EventDate "2009.??.??"]

1. d4 Nf6 2. c4 g6 3. Nc3 Bg7 4. e4 d6 5. f4 O-O 6. Nf3 c5 7. d5 e6 8. Be2 exd5
9. cxd5 b5 10. Bxb5 Nxe4 11. Nxe4 Qa5+ 12. Nc3 Bxc3+ 13. Bd2 Bxd2+ 14. Qxd2
Qxb5 0-1

[Event "Stuttgarter Stadtmeisterschaft A-Turnie"]
[Site "Ditzingen"]
[Date "2009.05.21"]
[Round "2.39"]
[White "Günthner, Arthur"]
[Black "Holzhäuer, Mathias"]
[Result "1/2-1/2"]
[WhiteElo "1771"]
[BlackElo "2335"]
[PlyCount "79"]
[EventDate "2009.??.??"]

1. d4 Nf6 2. c4 Nc6 3. Nc3 e5 4. d5 Ne7 5. Nf3 Ng6 6. e4 Bc5 7. Be2 a6 8. O-O
O-O 9. Qc2 d6 10. Rb1 Ne8 11. b4 Ba7 12. Bd3 Nh4 13. Nxh4 Qxh4 14. Ne2 g6 15.
Ng3 Bd4 16. c5 Nf6 17. Bb2 Ng4 18. h3 Qxg3 19. hxg4 Qxg4 20. Bxd4 exd4 21. Be2
Qf4 22. Rbd1 a5 23. cxd6 cxd6 24. Rxd4 axb4 25. Rxb4 f5 26. Rc4 fxe4 27. Rxe4
Rxa2 28. Qc4 Qd2 29. Re7 Rc2 30. Qh4 h6 31. Bd3 Rc1 32. Bxg6 Rxf1+ 33. Kxf1
Qc1+ 34. Re1 Qf4 35. Qxf4 Rxf4 36. Re8+ Rf8 37. Re7 Rf6 38. Re8+ Rf8 39. Re7
Rf6 40. Re8+ 1/2-1/2

[Event "Stuttgarter Stadtmeisterschaft A-Turnie"]
[Site "Ditzingen"]
[Date "2009.05.21"]
[Round "2.40"]
[White "Höschele, Hans-Ulrich"]
[Black "Frühsorger, Dieter"]
[Result "1/2-1/2"]
[WhiteElo "2174"]
[BlackElo "1968"]
[PlyCount "96"]
[EventDate "2009.??.??"]

1. b3 Nf6 2. Bb2 e6 3. e3 c5 4. Nf3 d5 5. d3 Be7 6. Nbd2 O-O 7. Be2 b6 8. O-O
Bb7 9. c4 Nbd7 10. cxd5 Nxd5 11. d4 Bf6 12. Re1 Rc8 13. Ne4 Be7 14. dxc5 Nxe3
15. Qd3 Nd5 16. cxb6 axb6 17. Qd4 N5f6 18. Nd6 Bxd6 19. Qxd6 Qc7 20. Qb4 Qc2
21. Ba3 Nd5 22. Qd4 Rfd8 23. Bd3 Qc3 24. Rad1 Qxd4 25. Nxd4 Nc3 26. Rd2 Nc5 27.
Bxc5 Rxc5 28. Nxe6 fxe6 29. Bxh7+ Kxh7 30. Rxd8 Nxa2 31. f3 Bd5 32. Rb8 b5 33.
b4 Nxb4 34. Rb1 Nd3 35. R8xb5 Rc2 36. h3 Ba2 37. Rh5+ Kg6 38. Rbb5 Bd5 39. Rh4
Ne1 40. Rg4+ Kf6 41. Rbb4 g5 42. Rb1 Nd3 43. h4 gxh4 44. Rxh4 Ne5 45. Rf1 Ng6
46. Rd4 Ne7 47. Rfd1 Nf5 48. R4d2 Rc5 1/2-1/2

[Event "Stuttgarter Stadtmeisterschaft A-Turnie"]
[Site "Ditzingen"]
[Date "2009.05.21"]
[Round "2.41"]
[White "Grünert, Thomas"]
[Black "Meyner, Hannes"]
[Result "0-1"]
[WhiteElo "1970"]
[BlackElo "2122"]
[PlyCount "82"]
[EventDate "2009.??.??"]

1. d4 Nf6 2. Nf3 g6 3. Bg5 Ne4 4. Bh4 Bg7 5. Nbd2 d5 6. e3 c5 7. c3 Nxd2 8.
Qxd2 Qb6 9. Ne5 Nc6 10. f4 f6 11. Nxc6 bxc6 12. Be2 Rb8 13. Rb1 Qa5 14. b3 Bf5
15. Rc1 c4 16. b4 Qa3 17. O-O a5 18. Be1 O-O 19. Bf3 Bd3 20. Rf2 axb4 21. cxb4
e5 22. Rc3 Qa7 23. Rxd3 cxd3 24. Qxd3 e4 25. Bxe4 dxe4 26. Qc4+ Qf7 27. Qxc6
Rfc8 28. Qxe4 Rc1 29. Rf1 Re8 30. Qd3 Qxa2 31. d5 Qc2 32. Qxc2 Rxc2 33. Rf2 Rc1
34. Re2 Rd1 35. Kf2 Rxd5 36. Kf3 f5 37. h3 Rb5 38. g4 Bf8 39. gxf5 gxf5 40. Bc3
Rc8 41. Rg2+ Kf7 0-1

[Event "Stuttgarter Stadtmeisterschaft A-Turnie"]
[Site "Ditzingen"]
[Date "2009.05.21"]
[Round "2.42"]
[White "Fingerhut, Armin"]
[Black "Bräunlin, Klaus"]
[Result "0-1"]
[WhiteElo "1961"]
[BlackElo "2109"]
[PlyCount "86"]
[EventDate "2009.??.??"]

1. e4 c6 2. d4 d5 3. exd5 cxd5 4. c4 Nf6 5. Nc3 e6 6. Bf4 Be7 7. c5 O-O 8. b4
Ne4 9. Nxe4 dxe4 10. Bxb8 Rxb8 11. Bc4 Kh8 12. Ne2 b5 13. Bb3 a5 14. a3 a4 15.
Bc2 Bb7 16. O-O Bg5 17. Nc3 f5 18. Nxb5 Ba6 19. Bxa4 Rxb5 20. Rb1 Bf6 21. Qb3
Rb8 22. b5 Qxd4 23. c6 Rb6 24. Rfd1 Qe5 25. Qc4 Bc8 26. Rdc1 e3 27. f4 Qd4 28.
Qxd4 Bxd4 29. Rc4 e5 30. fxe5 Bxe5 31. Rc5 Bd6 32. Rc3 f4 33. Bc2 g6 34. a4 Re8
35. a5 Rb8 36. c7 Ra8 37. a6 e2 38. Kf2 Bb4 39. Rc4 e1=Q+ 40. Rxe1 Bxe1+ 41.
Kf3 Ba5 42. Rc6 Ra7 43. Be4 Bxc7 0-1

[Event "Stuttgarter Stadtmeisterschaft A-Turnie"]
[Site "Ditzingen"]
[Date "2009.05.21"]
[Round "2.43"]
[White "Jüttner, Andreas"]
[Black "Paschmann, Stefan"]
[Result "1-0"]
[WhiteElo "2083"]
[BlackElo "1961"]
[PlyCount "47"]
[EventDate "2009.??.??"]

1. c4 c5 2. g3 Nf6 3. Bg2 e6 4. Nf3 Nc6 5. Nc3 Be7 6. O-O O-O 7. b3 a6 8. d4
cxd4 9. Nxd4 Nxd4 10. Qxd4 Qc7 11. Rd1 Rd8 12. Bb2 Rb8 13. Ne4 d5 14. cxd5 Rxd5
15. Qc3 Qxc3 16. Bxc3 Nxe4 17. Bxe4 Rxd1+ 18. Rxd1 b5 19. Be5 Bb7 20. Bxb8 Bxe4
21. Rd7 Kf8 22. Bd6 Bxd6 23. Rxd6 a5 24. Ra6 1-0

[Event "Stuttgarter Stadtmeisterschaft A-Turnie"]
[Site "Ditzingen"]
[Date "2009.05.21"]
[Round "2.44"]
[White "Jehle, Anja"]
[Black "Büter, Norbert"]
[Result "0-1"]
[WhiteElo "1950"]
[BlackElo "2074"]
[PlyCount "80"]
[EventDate "2009.??.??"]

1. d4 c5 2. d5 Nf6 3. c4 d6 4. Nc3 g6 5. e4 Bg7 6. f3 Na6 7. Be3 Nc7 8. Qd2 a6
9. a4 Bd7 10. a5 Rb8 11. Bd3 b5 12. axb6 Rxb6 13. Nge2 O-O 14. O-O Qb8 15. Ra2
Qb7 16. Nc1 e5 17. b3 Nfe8 18. g4 f6 19. Bh6 Qc8 20. N3e2 g5 21. Bxg7 Nxg7 22.
Ng3 Kf7 23. Qg2 Rh8 24. Nf5 h5 25. Bc2 h4 26. Qf2 Qb7 27. Nd3 Bxf5 28. exf5 Ra8
29. f4 exf4 30. Nxf4 gxf4 31. Qxh4 Rxb3 32. Qh7 Rb2 33. Qg6+ Kg8 34. Rxb2 Qxb2
35. Rf2 Qd4 36. h4 Re8 37. Kg2 Re3 38. h5 Rg3+ 39. Kf1 Qa1+ 40. Ke2 Re3+ 0-1

[Event "Stuttgarter Stadtmeisterschaft A-Turnie"]
[Site "Ditzingen"]
[Date "2009.05.21"]
[Round "2.45"]
[White "Körber, Thomas"]
[Black "Hoffmann, Ekkehard"]
[Result "1-0"]
[WhiteElo "2070"]
[BlackElo "1947"]
[PlyCount "60"]
[EventDate "2009.??.??"]

1. d4 g6 2. Nf3 Bg7 3. c4 d6 4. Nc3 Nc6 5. e3 e5 6. Be2 Nh6 7. b4 exd4 8. exd4
Nf5 9. Bg5 Qd7 10. Nd5 O-O 11. Bf6 Re8 12. O-O Nxb4 13. Bxg7 Nxd5 14. cxd5 Kxg7
15. Re1 b6 16. Qb3 Bb7 17. Rac1 Rac8 18. a4 Ne7 19. Bc4 Qf5 20. Bd3 Qxd5 21.
Bc4 Qf5 22. Nh4 Qf6 23. g3 d5 24. Bf1 Qxd4 25. Bh3 f5 26. Re6 Nc6 27. Bxf5 Rxe6
28. Bxe6 Na5 29. Qf3 Qf6 30. Bxc8 Qb2 1-0